00949nam a2200253Ia 4500003000400000005001700004006001800021007000300039008004100042024001000083037001100093040001800104041001300122100002500135110008700160245023800247260000900485650001300494700003600507700003400543700008700577942001200664999001900676OSt20220930084710.0a|||||r|||| 00| 0ta220926b |||||||| |||| 00| 0 eng d a85919 cTheses aCRLcCRLbeng 2engaeng aDiwakar Amit9538239 aUniversity of Delhi. Faculty of Medical Sciences. Department of Pulmonary Medicine 0aStudy of multi - drug resistant pulmonary tuberculosis cases to observe the initial clinical, bacteriological and radiological response to treatment correlated with modulation of TNF-alpha, nitric oxide and IFN-gama receptor response c2006 aMEDICINE a Prof. Mridula Bose Gu.9535523 a Prof. S. N. Gaur Gu.9538240 aUniversity of Delhi. Faculty of Medical Sciences. Department of Pulmonary Medicine cDIS2CC c877630d877630